Obálka Náhled e-knihy:
PDF Epub
Pro půjčování e-knih musíte být přihlášeni.
Jak si půjčit online?

Já si to všechno pamatuju /

Politika, média, veřejný prostor, to vše Jindřich Šídlo sleduje, komentuje a glosuje přes třicet let. Co říká o svém dětství, rodině, novinářských začátcích i v čem mu satira dává větší svobodu v otevřeném knižním rozhovoru.

Uloženo v:
Hlavní autor: Šídlo, Jindřich, 1972- (Autor, Fotograf)
Další autoři: Rozsypal, Michael, 1989- (Autor)
Médium: E-kniha
Jazyk:Czech
Vydáno: V Praze : Vyšehrad, 2024
Vydání:Vydání první
Edice:Rozhovory (Vyšehrad)
Témata:
Tagy:
Žádné tagy
LEADER 02938nam a2200661 i 4500
001 312548
003 CZ PrSKC
005 20260601215724.0
007 ta
008 241017s2024 xr ac e 000 0acze
015 |a cnb003638109 
020 |a 9788026730392  |q (vázáno) 
035 |a (OCoLC)1483792578 
040 |a BOA001  |b cze  |d OLA001  |e rda 
043 |a e-xr--- 
045 |a x-y- 
072 7 |a 070  |x Noviny. Tisk. Žurnalistika  |2 Konspekt 
072 7 |a 929  |x Biografie  |2 Konspekt 
080 |a 070.42  |2 MRF 
080 |a 070  |2 MRF 
080 |a 316.774:316.3  |2 MRF 
080 |a 328/329  |2 MRF 
080 |a 929  |2 MRF 
080 |a (437.3)  |2 MRF 
080 |a (047.53)  |2 MRF 
080 |a (0:82-94)  |2 MRF 
100 1 |a Šídlo, Jindřich,  |d 1972-  |7 xx0053666  |4 aut  |4 pht 
245 1 0 |a Já si to všechno pamatuju /  |c Michael Rozsypal, Jindřich Šídlo 
250 |a Vydání první 
264 1 |a V Praze :  |b Vyšehrad,  |c 2024 
300 |a 227 stran :  |b ilustrace, portréty ;  |c 21 cm 
336 |a text  |b txt  |2 rdacontent 
337 |a bez média  |b n  |2 rdamedia 
338 |a svazek  |b nc  |2 rdacarrier 
490 1 |a Rozhovory 
520 2 |a Politika, média, veřejný prostor, to vše Jindřich Šídlo sleduje, komentuje a glosuje přes třicet let. Co říká o svém dětství, rodině, novinářských začátcích i v čem mu satira dává větší svobodu v otevřeném knižním rozhovoru. 
600 1 7 |a Šídlo, Jindřich,  |d 1972-  |7 xx0053666  |2 czenas 
648 7 |a 20.-21. století  |7 ch462155  |2 czenas 
650 0 7 |a novináři  |7 ph123339  |z Česko  |y 20.-21. století  |2 czenas 
650 0 7 |a žurnalistika  |7 ph117282  |z Česko  |y 20.-21. století  |2 czenas 
650 0 7 |a masmédia a společnost  |7 ph551078  |z Česko  |y 20.-21. století  |2 czenas 
650 0 9 |a journalists  |z Czechia  |y 20th-21st centuries  |2 eczenas 
650 0 9 |a journalism  |z Czechia  |y 20th-21st centuries  |2 eczenas 
650 0 9 |a mass media and society  |z Czechia  |y 20th-21st centuries  |2 eczenas 
651 7 |a Česko  |7 ge128065  |x politika a vláda  |y 20.-21. století  |2 czenas 
651 9 |a Czechia  |x politics and government  |y 20th-21st centuries  |2 eczenas 
655 7 |a rozhovory  |7 fd133303  |2 czenas 
655 7 |a autobiografické vzpomínky  |7 fd131854  |2 czenas 
655 9 |a interviews  |2 eczenas 
655 9 |a autobiographical reminiscences  |2 eczenas 
700 1 |a Rozsypal, Michael,  |d 1989-  |7 av20221172319  |4 aut 
830 0 |a Rozhovory (Vyšehrad) 
900 |a ABA001  |b 19 
928 9 |a Albatros Media - Vyšehrad 
044 |a xr 
910 |a RBIT002 
998 |d 415051  |a https://core.palmknihy.cz/api/books/415051/cover?slvvex  |b https://core.palmknihy.cz/api/books/415051/cover/400?slvvex  |c https://core.palmknihy.cz/api/books/415051/cover/50?slvvex  |e 2034-12-31  |g 232  |i 9788026730392  |j https://core.palmknihy.cz/api/books/415051/preview.epub  |k https://core.palmknihy.cz/api/books/415051/preview.pdf  |l   |q 49  |r 1  |s https://www.palmknihy.cz/kniha/415051  |t ebook  |y 2024  |z 0 
999 |d 312546